Statistiques concernant Les 10 meilleurs buteurs de l'Olympique de Marseille au 21eme siècle.

Cliquez ici pour prendre le quiz!

Statistiques générales

  • Ce quiz a été pris 316 fois
  • Le résultat moyen est 7 sur 10

Statistiques - réponses

ButsJoueursPériodes% Correct
78Dimitri Payet2013-15
2017-23
98%
86Florian Thauvin2013-15
2016-21
94%
77André-Pierre Gignac2010-15
87%
100Mamadou Niang2005-2010
82%
32Didier Drogba2003-04
81%
38Mathieu Valbuena2006-14
65%
60André Ayew2007-15
59%
33Michy Batshuayi2014-16
50%
42Loic Rémy2010-13
45%
37Djibril Cissé2006-09
40%

Distribution des résultats

Percentile par nombre de réponses

% des personnes avec chaque résultat

Votre développement - résultats

Vous n’avez pas pris ce quiz